| 000 | 00385 a2200109 4500 | ||
|---|---|---|---|
| 001 | ART_41755 | ||
| 005 | 20260410161806.0 | ||
| 008 | 260409a | ||
| 245 | 1 | 0 | _aReflexiones críticas a algunos aspectos de la ley 26831 de reforma del mercado de capitales |
| 100 | 1 | _aCamerini, Marcelo A. | |
| 773 | 0 |
_tDoctrina Societaria y Concursal _g- Nº 304 (mar. 2013) _wREV4298 |
|
| 999 |
_c20994 _d20994 |
||